000 00297nam a22001337a 4500
008 170922b xxu||||| |||| 00| 0 eng d
020 _a0303962326
041 _aeng
080 _a37
100 _a46
101 _aEDU
245 _a THE NORTON GUIDE WRITING
_cCOOLEY.TH
942 _2udc
_cBK
999 _c29232
_d29232